| 000 | 00390nam a2200157Ia 4500 | ||
|---|---|---|---|
| 008 | 230312s9999||||xx |||||||||||||| ||und|| | ||
| 020 | _a81-317-0496-3 | ||
| 082 |
_a001.422 _bKUM-R |
||
| 100 | _aKumar Ranjit | ||
| 245 | 0 | _aResearch Methodology | |
| 260 |
_bPearsons Education _aIndia _c2006 |
||
| 300 | _a332 | ||
| 546 | _aEng. | ||
| 650 |
_aManagement _vResearch Methodology |
||
| 942 | _cBK | ||
| 999 |
_c7004 _d7004 |
||